Programa COFAMI : corresponsabilidad familiar : fomentar la cooperación y responsabilidad de los hijos /

Contiene: El programa COFAMI: Cómo utilizar este programa; El trabajo familiar: haciendo visible lo invisible; Hacia la corresponsabilidad familiar: un camino por recorrer; La participación de los hijos y de las hijas en el trabajo y la vida familiar; La comunicación en la familia: Obstáculos y difi...

Πλήρης περιγραφή

Αποθηκεύτηκε σε:
Λεπτομέρειες βιβλιογραφικής εγγραφής
Κύριος συγγραφέας: Maganto Mateo, Juan María (autor)
Άλλοι συγγραφείς: Bartau Rojas, Isabel (autor) (autor)
Μορφή: Βιβλίο
Γλώσσα:Ισπανικά
Έκδοση: Madrid, España : Pirámide, 2004, c2004
Σειρά:(Ojos Solares. Programas)
Θέματα:
Ετικέτες: Προσθήκη ετικέτας
Δεν υπάρχουν, Καταχωρήστε ετικέτα πρώτοι!

MARC

LEADER 00000nam^a2200000^a^4500
001 000171154
005 20250521000000.0
009 20260310101334.736
020 |a 84-368-1828-8 
037 |a Acervo ITESO - Biblioteca 
041 |a ESP 
082 |a 649. 7  |b MAG 
100 |a Maganto Mateo, Juan María  |e (autor) 
245 1 0 |a Programa COFAMI :  |b corresponsabilidad familiar : fomentar la cooperación y responsabilidad de los hijos /  |c J.M. Maganto Mateo, I. Bartau Rojas. 
264 4 |a Madrid, España :  |b Pirámide,  |c 2004, c2004 
300 |a 353 p. +  |e 1 disco compacto de computadora 
336 |a texto  |b txt  |2 rdacontenido 
337 |a sin mediación  |b n  |2 rdamedio 
338 |a volumen  |b nc  |2 rdasoporte 
440 1 |a (Ojos Solares.  |p Programas) 
520 |a Contiene: El programa COFAMI: Cómo utilizar este programa; El trabajo familiar: haciendo visible lo invisible; Hacia la corresponsabilidad familiar: un camino por recorrer; La participación de los hijos y de las hijas en el trabajo y la vida familiar; La comunicación en la familia: Obstáculos y dificultades; La comunicación: un medio para obtener la colaboración; Cuando no colaboran, seguimos comunicándonos; La autoridad y la disciplina en el desarrollo de la corresponsabilidad; Resolviendo conflictos en la familia. 
649 |a XX 
650 |a Niños -  |x Condiciones Sociales y Culturales 
650 |a Familia -  |x Condiciones Sociales y Culturales 
650 |a Relaciones Padres-Hijos 
650 |a Relaciones Familiares 
650 |a Trabajo en Equipo 
650 |a Conversaciones 
650 |a Interacción Comunicativa 
650 |a Comunicación Personal 
650 |a Interacción en la Educación 
650 |a Comunicación Educativa 
650 |a Motivación 
650 |a Solidaridad 
650 |a Axiología 
650 |a Conducta de Vida 
650 |a Finalidades de la Educación 
650 |a Axiología de la Educación 
650 |a Etica -  |x Estudio y Enseñanza 
650 |a Cambio de Actitud 
650 |a Modificación de Conducta 
650 |a Aprendizaje mediante la Práctica 
650 |a Aprendizaje Significativo 
650 |a Competencias (Educación) 
650 |a Aprendizaje Colaborativo 
650 |a Educación Familiar 
650 |a Educación No Formal e Informal 
650 |a Educación 
700 |a Bartau Rojas, Isabel  |e (autor) 
910 |a Fondo General 
920 |a Impresos - Libros 
930 |a Colección General 
905 |a 101 
901 |a 0500108661  |b IT1  |c ACC  |u 20250521 
901 |a 0500108692  |b IT2  |c SWS  |u 20250521 
902 |a https://opac.biblio.iteso.mx/vufind/Record/000171154